Biblioteca "Ernesto Sabato"
Facultad de Derecho y Ciencias Sociales
Facultad de Lenguas
Universidad Nacional del Comahue

Concepts and meaning in language development (Record no. 11059)

MARC details
000 -CABECERA
campo de control de longitud fija 00801caa a22001812a 4500
001 - NÚMERO DE CONTROL
campo de control 005237
003 - IDENTIFICADOR DEL NÚMERO DE CONTROL
campo de control AR-FADEU
008 - DATOS DE LONGITUD FIJA--INFORMACIÓN GENERAL
campo de control de longitud fija 311216n########xxu####################dd
092 ## - ASIGNACIÓN LOCAL DE SIGNATURA TOPOGRÁFICA DEWEY (OCLC)
Número de clasificación 401.574
Número de documento/Ítem B615
100 ## - ENTRADA PRINCIPAL--NOMBRE DE PERSONA
Nombre de persona Nelson, Katherine
245 ## - MENCIÓN DE TÍTULO
Título Concepts and meaning in language development
300 ## - DESCRIPCIÓN FÍSICA
Extensión PP. 89-116
500 ## - NOTA GENERAL
Nota general En: Biological and behavioral determinants of language development /ed. Norman A. Krasnegor. Hillsdale : Lawrence Erlbaum, 1991
546 ## - NOTA DE LENGUA/LENGUAJE
Nota de lengua/lenguaje Inglés
773 0# - ENLACE AL DOCUMENTO FUENTE/ENTRADA DE REGISTRO ANFITRIÓN
Número bibliográfico anfitrión 11055
Número de ítem anfitrión 9867
Encabezamiento principal
Edición
Lugar, editor y fecha de publicación Hillsdale
Otro identificador del documento 02971
Título BIOLOGICAL and behavioral determinants of language development
Número de control del registro ( AR-FADEU) 005233
Número Internacional Normalizado para Publicaciones Seriadas
Número Internacional Estándar del Libro 0-8058-0993-7
773 0# - ENLACE AL DOCUMENTO FUENTE/ENTRADA DE REGISTRO ANFITRIÓN
Número bibliográfico anfitrión 11055
Número de ítem anfitrión 9868
Encabezamiento principal
Edición
Lugar, editor y fecha de publicación Hillsdale
Otro identificador del documento 03495
Título BIOLOGICAL and behavioral determinants of language development
Número de control del registro ( AR-FADEU) 005233
Número Internacional Normalizado para Publicaciones Seriadas
Número Internacional Estándar del Libro 0-8058-0993-7
942 ## - ELEMENTOS DE PUNTO DE ACCESO ADICIONAL (KOHA)
Tipo de ítem Koha BDGR

No items available.

Facultad de Derecho y Ciencias Sociales | Universidad Nacional del Comahue | Mendoza y Perú General Roca | Río Negro CP (8332) | Patagonia Argentina | Teléfono: 54-0298-4433670 | | Fax: 0298-4432093 | Fax alumnos: 0298-4435700